Statistics for Countries Closest to Spain

Click here to take the quiz!

General Stats

  • This quiz has been taken 71,262 times
  • The average score is 16 of 20

Answer Stats

km Country miles % Correct
0France0
99%
0Portugal0
99%
334Italy208
97%
0Gibraltar
(United Kingdom)
0
93%
671Germany417
91%
0Morocco0
90%
0Andorra0
88%
468Switzerland291
87%
805Belgium500
85%
68Algeria43
83%
724Austria450
78%
373Monaco232
77%
498Tunisia310
76%
811Luxembourg504
75%
719Vatican City447
71%
760San Marino472
69%
860Ireland534
69%
716Liechtenstein445
67%
314Mauritania195
49%
816Mali507
47%

Score Distribution

Percentile by Number Answered

Percent of People with Each Score

Your Score History

You have not taken this quiz